Начала физической химии: учебное пособие для вузов

Bibliografiska uppgifter
Huvudupphovsman: Бажин Н. М. Николай Михайлович
Övriga upphovsmän: Пармон В. Н. Валентин Николаевич
Sammanfattning:В пособии изложены фундаментальные понятия предмета физической химии, основные положения теории атомно-молекулярного строения вещества, квантовой механики, химической термодинамики и кинетики процессов. Математический аппарат пособия адаптирован к изучению студентами-первокурсниками, не владеющими в достаточной степени знаниями высшей математики.Соответствует вузовской программе подготовки бакалавров по направ­лению «Химия». Может оказаться полезным для преподавателей химии, учащихся химических колледжей, техникумов и нехимических вузов.
Språk:ryska
Publicerad: Москва, Инфра-М, 2015
Serie:Высшее образование. Бакалавриат
Ämnen:
Materialtyp: MixedMaterials Bok
KOHA link:https://koha.lib.tpu.ru/cgi-bin/koha/opac-detail.pl?biblionumber=282664

MARC

LEADER 00000nam0a2200000 4500
001 282664
005 20231101235523.0
010 |a 9785160090559 
035 |a (RuTPU)RU\TPU\book\306608 
090 |a 282664 
100 |a 20150202d2015 m y0rusy50 ca 
101 0 |a rus 
102 |a RU 
105 |a a j 001zy 
200 1 |a Начала физической химии  |e учебное пособие для вузов  |f Н. М. Бажин, В. Н. Пармон 
210 |a Москва  |c Инфра-М  |d 2015 
215 |a 332 с.  |c ил. 
225 1 |a Высшее образование. Бакалавриат 
320 |a Библиогр. в конце глав. 
330 |a В пособии изложены фундаментальные понятия предмета физической химии, основные положения теории атомно-молекулярного строения вещества, квантовой механики, химической термодинамики и кинетики процессов. Математический аппарат пособия адаптирован к изучению студентами-первокурсниками, не владеющими в достаточной степени знаниями высшей математики.Соответствует вузовской программе подготовки бакалавров по направ­лению «Химия». Может оказаться полезным для преподавателей химии, учащихся химических колледжей, техникумов и нехимических вузов. 
606 1 |a Физическая химия  |2 stltpush  |3 (RuTPU)RU\TPU\subj\67669  |9 83390 
610 1 |a учебные пособия 
610 1 |a элементарные частицы 
610 1 |a волновые свойства 
610 1 |a водород 
610 1 |a атомы 
610 1 |a периодический закон Менделеева 
610 1 |a химическая связь 
610 1 |a молекулы 
610 1 |a электронное строение 
610 1 |a многоатомные молекулы 
610 1 |a геометрическое строение 
610 1 |a агрегатные состояния 
610 1 |a энтропия 
610 1 |a классическая термодинамика 
610 1 |a химические процессы 
610 1 |a термодинамическое описание 
610 1 |a химический потенциал 
610 1 |a химическое равновесие 
610 1 |a работа 
610 1 |a теплота 
610 1 |a гетерогенные системы 
610 1 |a химические растворы 
610 1 |a электролиты 
610 1 |a кислотно-основное равновесие 
610 1 |a окислительно-восстановительные процессы 
610 1 |a электрохимические цепи 
610 1 |a химические реакции 
610 1 |a химическая кинетика 
675 |a 544(075.8)  |v 4 
700 1 |a Бажин  |b Н. М.  |g Николай Михайлович 
701 1 |a Пармон  |b В. Н.  |g Валентин Николаевич 
801 1 |a RU  |b 63413507  |c 20150202 
801 2 |a RU  |b 63413507  |c 20160804  |g RCR 
942 |c BK 
959 |a 10/20150202  |d 5  |e 549,90  |f ЧЗТЛ:1  |f АНЛ:1  |f УФ:3